000 00617nam a2200217Ia 4500
005 20241129104112.0
008 241129s9999||||xx |||||||||||||| ||und||
020 _a9781137589552
037 _aTextual
040 _aRTL
_beng
_cRTL
041 _aeng
_2eng
084 _aX:328 R0
_qRTL
100 _aGreene Francis J.
_9724780
245 0 _aEntrepreneurship: Theory and practice
_cGreene Francis J.
260 _aLondon
_bRed Global Press
_c2020
300 _axxvii,392p.
365 _aINR
_b5641.42
650 _aEntrepreneurship
_9253570
942 _cTB
_hX:328 R0
999 _c1224433
_d1224433